Markell and Voge's medical parasitology / (Record no. 98834)

MARC details
000 -LEADER
fixed length control field 01117nam a2200349 a 4500
001 - CONTROL NUMBER
control field 004008508
003 - CONTROL NUMBER IDENTIFIER
control field URS
005 - DATE AND TIME OF LATEST TRANSACTION
control field 20260224133247.0
006 - FIXED-LENGTH DATA ELEMENTS--ADDITIONAL MATERIAL CHARACTERISTICS
fixed length control field m d
008 - FIXED-LENGTH DATA ELEMENTS--GENERAL INFORMATION
fixed length control field 990201s1999 pauab b 001 0 eng c
020 ## - INTERNATIONAL STANDARD BOOK NUMBER
International Standard Book Number 0721676340
020 ## - INTERNATIONAL STANDARD BOOK NUMBER
International Standard Book Number 9782590994
035 ## - SYSTEM CONTROL NUMBER
System control number (OCoLC)ocm38757890
035 ## - SYSTEM CONTROL NUMBER
System control number (III)iiio31582527
040 ## - CATALOGING SOURCE
Original cataloging agency DNLM/DLC
Transcribing agency DLC
Modifying agency NLM
-- C#P
-- EYM
-- URS
050 00 - LIBRARY OF CONGRESS CALL NUMBER
Classification number RC 119
Item number M3409 2004
100 1# - MAIN ENTRY--PERSONAL NAME
Personal name Markell, Edward K.
245 10 - TITLE STATEMENT
Title Markell and Voge's medical parasitology /
Statement of responsibility, etc. Edward K. Markell, David T. John, Wojciech A. Krotoski.
246 30 - VARYING FORM OF TITLE
Title proper/short title Medical parasitology
250 ## - EDITION STATEMENT
Edition statement Eighth edition
264 #1 - PRODUCTION, PUBLICATION, DISTRIBUTION, MANUFACTURE, AND COPYRIGHT NOTICE
Place of production, publication, distribution, manufacture Singapore :
Name of producer, publisher, distributor, manufacturer Elsevier Singaper Pte Ltd
Date of production, publication, distribution, manufacture, or copyright notice 2004
264 #4 - PRODUCTION, PUBLICATION, DISTRIBUTION, MANUFACTURE, AND COPYRIGHT NOTICE
Date of production, publication, distribution, manufacture, or copyright notice copyright 1999
300 ## - PHYSICAL DESCRIPTION
Extent viii, 501 pages :
Other physical details illustrations (some colour), maps ;
Dimensions 27 cm
336 ## - CONTENT TYPE
Source rdacontent
Content type term text
337 ## - MEDIA TYPE
Source rdamedia
Media type term unmediated
338 ## - CARRIER TYPE
Source rdacarrier
Carrier type term volume
504 ## - BIBLIOGRAPHY, ETC. NOTE
Bibliography, etc. note Includes bibliographical references and index.
650 #0 - SUBJECT ADDED ENTRY--TOPICAL TERM
Topical term or geographic name entry element Medical parasitology
700 1# - ADDED ENTRY--PERSONAL NAME
Personal name John, David T.
Relator term author
700 1# - ADDED ENTRY--PERSONAL NAME
Personal name Krotoski, Wojciech A.
Relator term author
942 ## - ADDED ENTRY ELEMENTS (KOHA)
Source of classification or shelving scheme Library of Congress Classification
Koha item type Foreign Books
Holdings
Withdrawn status Source of classification or shelving scheme Damaged status Not for loan Collection code Home library Current library Shelving location Date acquired Total Checkouts Full call number Barcode Date last seen Date last checked out Price effective from Koha item type
  Library of Congress Classification     Non-fiction Tanay College Library Tanay College Library Foreign Section 03/25/2015 2 RC 119 M3409 2004 URSTAN-N262 02/04/2019 07/06/2018 03/25/2015 Reserved Books

University of Rizal System
Email us at univlibservices@urs.edu.ph

Visit our Website www.urs.edu.ph/library